The life of Christ / (Record no. 19230)
[ view plain ]
| 000 -LEADER | |
|---|---|
| fixed length control field | 00499nam a2200145 4500 |
| 008 - FIXED-LENGTH DATA ELEMENTS--GENERAL INFORMATION | |
| fixed length control field | 040224s1892 enk 000 0 eng |
| 090 ## - LOCALLY ASSIGNED LC-TYPE CALL NUMBER (OCLC); LOCAL CALL NUMBER (OCLC) | |
| Classification number (OCLC) (R) ; Classification number, CALL (RLIN) (NR) | BT301 |
| Local cutter number (OCLC) ; Book number/undivided call number, CALL (RLIN) | .F2 1894 |
| 100 1# - MAIN ENTRY--PERSONAL NAME | |
| Personal name | Farrar, Frederic William, |
| Dates associated with a name | 1831-1903. |
| 245 14 - TITLE STATEMENT | |
| Title | The life of Christ / |
| Statement of responsibility, etc | by Frederic W. Farrar. |
| 250 ## - EDITION STATEMENT | |
| Edition statement | popular ed. |
| 260 ## - PUBLICATION, DISTRIBUTION, ETC. (IMPRINT) | |
| Place of publication, distribution, etc | New York, |
| Name of publisher, distributor, etc | E.P. Dutton & company |
| Date of publication, distribution, etc | [1894?] |
| 300 ## - PHYSICAL DESCRIPTION | |
| Extent | xxxi, 478 p. : ills. |
| 600 14 - SUBJECT ADDED ENTRY--PERSONAL NAME | |
| Personal name | Jesus Christ |
| General subdivision | Biography. |
| 951 ## - EQUIVALENCE OR CROSS-REFERENCE-GEOGRAPHIC NAME/AREA NAME [OBSOLETE] [CAN/MARC only] | |
| General subdivision | 00005114 |
| 951 ## - EQUIVALENCE OR CROSS-REFERENCE-GEOGRAPHIC NAME/AREA NAME [OBSOLETE] [CAN/MARC only] | |
| -- | 4816 |
| -- | BT301/.F2 1894 |
| -- | 070613111342312 |
| -- | 2000-12-21 |
| -- | GC |
| Withdrawn status | Lost status | Damaged status | Not for loan | Home library | Current library | Shelving location | Date acquired | Accession number | Shelving control number | Total Checkouts | Full call number | Barcode | Date last seen | Price effective from | Koha item type |
|---|---|---|---|---|---|---|---|---|---|---|---|---|---|---|---|
| BSOP Library | BSOP Library | GC | 12/21/2000 | 4816 | 127 | BT301/.F2 1894 | 00005114 | 02/23/2013 | 02/23/2013 | Books |
